Skip to main content
Your cart is empty.
Your lists
Log in to create your own lists
Your cookies
العربية
English
العربية
Home
Search
Advanced search
Authority search
About
The noble scholar, jurist, historian
His Excellency Dr. Abdul Wahhab bin Ibrahim Abu Sulaiman, may Allah have mercy on him.
He was born in Umm Al-Qura in the year 1356 AH.
Library catalog
Title
Author
Subject
ISBN
ISSN
Series
Call number
Log in to your account
×
Login:
Password:
Home
MARC view: تمثيلات الآخر :
Normal view
MARC view
ISBD view
تمثيلات الآخر : (Record no. 6356)
[
view plain
]
MARC details
000 -LEADER
fixed length control field
02535cam a2200373 i 4500
003 - CONTROL NUMBER IDENTIFIER
control field
SA-RiAUC
005 - DATE AND TIME OF LATEST TRANSACTION
control field
20250311122537.0
008 - FIXED-LENGTH DATA ELEMENTS--GENERAL INFORMATION
fixed length control field
250309s2004 le g f00010 ara c
020 ## - INTERNATIONAL STANDARD BOOK NUMBER
International Standard Book Number
9953361495
024 0# - OTHER STANDARD IDENTIFIER
Standard number or code
00000000293405
040 ## - CATALOGING SOURCE
Original cataloging agency
AE-DuCSA
Language of cataloging
ara
Transcribing agency
SA-RiAUC.
Modifying agency
KAC
Description conventions
rda
043 ## - GEOGRAPHIC AREA CODE
Geographic area code
ma-----
082 04 - DEWEY DECIMAL CLASSIFICATION NUMBER
Classification number
305.89
Assigning agency
SA-RiAUC
090 ## - LOCALLY ASSIGNED LC-TYPE CALL NUMBER (OCLC); LOCAL CALL NUMBER (RLIN)
Classification number (OCLC) (R) ; Classification number, CALL (RLIN) (NR)
305.89
Local cutter number (OCLC) ; Book number/undivided call number, CALL (RLIN)
ك ا ظ
100 1# - MAIN ENTRY--PERSONAL NAME
Personal name
كاظم، نادر
Relator term
مؤلف.
245 10 - TITLE STATEMENT
Title
تمثيلات الآخر :
Remainder of title
صورة السود في المتخيل العربي الوسيط /
Statement of responsibility, etc.
د. نادر كاظم.
250 ## - EDITION STATEMENT
Edition statement
الطبعة الأولى.
264 #1 - PRODUCTION, PUBLICATION, DISTRIBUTION, MANUFACTURE, AND COPYRIGHT NOTICE
Place of production, publication, distribution, manufacture
بيروت :
--
مملكة البحرين :
Name of producer, publisher, distributor, manufacturer
المؤسسة العربية للدراسات والنشر ؛
--
وزارة الإعلام، الثقافة والتراث الوطني،
Date of production, publication, distribution, manufacture, or copyright notice
2004
264 #2 - PRODUCTION, PUBLICATION, DISTRIBUTION, MANUFACTURE, AND COPYRIGHT NOTICE
Place of production, publication, distribution, manufacture
عمان، الأردن :
Name of producer, publisher, distributor, manufacturer
دار الفارس للنشر والتوزيع
264 #3 - PRODUCTION, PUBLICATION, DISTRIBUTION, MANUFACTURE, AND COPYRIGHT NOTICE
Place of production, publication, distribution, manufacture
بيروت :
Name of producer, publisher, distributor, manufacturer
مطبعة سيكو
300 ## - PHYSICAL DESCRIPTION
Extent
587 صفحة ؛
Dimensions
24 × 17 سم.
336 ## - CONTENT TYPE
Content type term
نص
Content type code
txt
Source
rdacontent
Materials specified
كتاب
337 ## - MEDIA TYPE
Media type term
بدون وسيط
Media type code
n
Source
rdamedia
338 ## - CARRIER TYPE
Carrier type term
مجلد
Carrier type code
nc
Source
rdacarrier
490 1# - SERIES STATEMENT
Series statement
سلسلة دراسات
500 ## - GENERAL NOTE
General note
تصميم الغلاف والإشراف الفني : شايب ؛ لوحة الغلاف : عمر الراشد ؛ الصف الضوئي : المؤسسة العربية للدراسات والنشر.
504 ## - BIBLIOGRAPHY, ETC. NOTE
Bibliography, etc. note
ببليوجرافية : صفحة 557-584.
505 0# - FORMATTED CONTENTS NOTE
Formatted contents note
المحتويات : الإهداء-شكر وتقدير-تقديم-المقدمة-الباب الأول : مرجعيات المتخيل والتمثيل الثقافي، المتخيل والتمثيل : الطبيعة المزدوجة وتبادل التأثير، الفصل الأول : الأسود في مرجعيات المتخيل العربي، الفصل الثاني : مستويات المغايرة وقوة التمثيل-الباب الثاني : الأسود والتمثيل الثقافي التخييلي، الأدب بوصفه تمثيلا ثقافيا، الفصل الثالث : الأسود والتمثيل السردي، الفصل الرابع : الأسود والتمثيل الشعري-الخاتمة-المصادر والمراجع.
650 #7 - SUBJECT ADDED ENTRY--TOPICAL TERM
Topical term or geographic name entry element
السود
Geographic subdivision
البلاد العربية
General subdivision
تاريخ
Source of heading or term
aucsh
650 #7 - SUBJECT ADDED ENTRY--TOPICAL TERM
Topical term or geographic name entry element
التفرقة العنصرية
Geographic subdivision
البلاد العربية
Source of heading or term
aucsh
830 #0 - SERIES ADDED ENTRY--UNIFORM TITLE
Uniform title
دراسات (المؤسسة العربية للدراسات والنشر)
942 ## - ADDED ENTRY ELEMENTS (KOHA)
Source of classification or shelving scheme
Dewey Decimal Classification
Koha item type
Books
Suppress in OPAC
No
949 ## - LOCAL PROCESSING INFORMATION (OCLC)
a
SA-JeALM
d
250309
u
mohamedma123
n
1
Holdings
Withdrawn status
Lost status
Source of classification or shelving scheme
Damaged status
Not for loan
Home library
Current library
Date acquired
Total checkouts
Full call number
Barcode
Date last seen
Price effective from
Koha item type
Dewey Decimal Classification
DR AbdElwahab Library
DR AbdElwahab Library
03/11/2025
305.89 ك ا ظ
000010763
03/11/2025
03/11/2025
Books
Place hold
Print
Add to your cart
(remove)
Save record
BIBTEX
Dublin Core
MARCXML
MARC (non-Unicode/MARC-8)
MARC (Unicode/UTF-8)
MARC (Unicode/UTF-8, Standard)
MODS (XML)
RIS
ISBD
More searches
Search for this title in:
Other Libraries (WorldCat)
Other Databases (Google Scholar)
Online Stores (Bookfinder.com)
Open Library (openlibrary.org)
Exporting to Dublin Core...
×
Simple DC-RDF
OAI-DC
SRW-DC